Obras escogidas

Uloženo v:
Podrobná bibliografie
Hlavní autor: Epston, David (Autor)
Médium: Kniha
Jazyk:španělština
Vydáno: Barcelona Gedisa 1994
Vydání:1a. ed
Edice:Psicología
Témata:
Tagy: Přidat tag
Žádné tagy, Buďte první, kdo vytvoří štítek k tomuto záznamu!

MARC

LEADER 00000cam a2200000 a 4500
001 UCF2694
003 CL-VaPUC
008 120830e19940300SP |||||||||||||||||spa|d
020 |a 8474324750 
082 0 4 |a 616.891  |b EPS  |2 21 
100 0 |a Epston, David  |e author  |9 564444 
245 1 0 |a Obras escogidas 
250 |a 1a. ed 
300 |a 235 p 
942 |c BK 
945 |d 20120830 00:00:00  |a dcastane 
260 |a Barcelona  |b Gedisa  |c 1994 
650 7 |a PSICOTERAPIA  |2 CL-VaPUC  |9 564445 
650 0 |a Terapia familiar  |9 312193 
650 0 |a Relaciones interpersonales  |9 307056 
583 |a last modification  |c 20120830 10:25:00  |k Rodrigo Vera 
490 0 |a Psicología 
999 |c 349234  |d 349232 
952 |0 0  |1 0  |4 0  |6 616_891000000000000_EPS_1994  |7 0  |8 A  |9 451747  |a BIBEDU  |b BIBEDU  |d 2019-11-22  |i 4899903  |o 616.891 EPS 1994  |p 4899903  |r 2019-11-22  |w 2019-11-22  |y BK  |k PSI 
952 |0 0  |1 0  |4 0  |6 616_891000000000000_EPS_1994  |7 0  |8 A  |9 451748  |a BIBEDU  |b BIBEDU  |d 2019-11-22  |i 4899911  |o 616.891 EPS 1994  |p 4899911  |r 2019-11-22  |w 2019-11-22  |y BK  |k PSI